|
|
|
|
| LEADER |
00000nab a2200000 a 4500 |
| 001 |
vtls000623567 |
| 003 |
SK-MaSNL |
| 005 |
20260304090816.0 |
| 008 |
250425c1997 xo 0 slo |
| 015 |
|
|
|a SNBRB19rr/mm-uuuuu
|
| 035 |
|
|
|a CL0623706
|
| 035 |
|
|
|a urn:nbn:sk:snk-abajhn
|
| 035 |
|
|
|a (urnnbn)urn:nbn:sk:snk:ar-008awi
|
| 035 |
|
|
|a (uuid)a3ecc4b2-04d7-4b88-a7b3-c1c90a26e5e4
|
| 040 |
|
|
|a SNKBUCL
|b slo
|c SNKBUCL
|e AACR2
|
| 041 |
0 |
|
|a slo
|
| 044 |
|
|
|a xo
|c SK
|
| 080 |
|
|
|a 82:929:885.4
|2 1981
|
| 080 |
|
|
|a 885.4
|2 1981
|
| 100 |
1 |
|
|a Podracká, Dana,
|d 1954-
|4 aut
|9 212520
|
| 245 |
1 |
0 |
|a Svet za mojím telom
|b hovoríme s poetkou Danou Podrackou
|c Dana Podracká, Vlastimil Kovalčík
|
| 300 |
|
|
|b Fotogr. 2
|
| 600 |
1 |
7 |
|a Podracká, Dana,
|d 1954-
|2 snkbucl
|9 212520
|
| 655 |
|
7 |
|a rozhovory
|2 snkbucl
|9 31831
|
| 655 |
|
7 |
|a články z novín a časopisov
|2 snkbucl
|9 267496
|
| 700 |
1 |
|
|a Kovalčík, Vlastimil,
|d 1939-
|4 aut
|9 102390
|
| 773 |
0 |
|
|t Literárny týždenník
|g Roč. 10, č. 12 (1997), s. 1 a 10
|x 0862-5999
|
| 850 |
|
|
|a Slovenská národná knižnica
|
| 852 |
|
|
|a Slovenská národná knižnica
|
| 954 |
|
|
|a odborná, vedecká literatúra pôvodná (slovenská)
|2 lita
|
| 958 |
|
|
|a article14
|
| 958 |
|
|
|a LX
|
| 958 |
|
|
|a SK
|
| 958 |
|
|
|a RK
|
| 958 |
|
|
|a OND
|
| 958 |
|
|
|a EUIPO
|
| 992 |
|
|
|a RBX
|
| 999 |
|
|
|c 2812825
|d 2814755
|